00860nac a22002411u 4500010001300000020001500013082002100028090001500049100003400064245006800098250001200166260004100178300002900219500010300248500001400351500003400365650003300399650002000432700001900452942002300471999001500494952010900509 a81018897 a089397124300a380.145669bR632 c1722d1722 aRobbins, Peter, 10aGuide to non-ferrous metals and their markets /cPeter Robbins. a3rd ed. aNew York :bNichols Pub. Co.,c1982. a183 p. :bill. ;c24 cm. aRev. ed. of: Guide to non-ferrous metals and their markets / John Edwards and Peter Robbins. 1979. aDonations aDonations - Dr. Mostafa Gouda 0aNonferrous metal industries. 0aMarket surveys.1 aEdwards, John. cBBk380.145669R632 c1722d1722 00104070aMAINbMAINc1STd2006-12-11ePurchasel0o380.145669 ROBp000002595r2025-07-15 00:00:00yBB